रोग मुक्त शरीर / (Record no. 205815)

MARC details
000 -LEADER
fixed length control field 00692nam a22001697a 4500
005 - DATE AND TIME OF LATEST TRANSACTION
control field 20240917144617.0
010 ## - LCCN (DPL NO)
LC control number 07/24,CHHN
020 ## - INTERNATIONAL STANDARD BOOK NUMBER
International Standard Book Number 9789395310246
Terms of availability 120.00
037 ## - SOURCE OF ACQUISITION
Stock number हिन्दी बुक सेंटर
082 ## - DEWEY DECIMAL CLASSIFICATION NUMBER
Classification number
100 ## - MAIN ENTRY--PERSONAL NAME
Personal name सोना भट्ट
245 ## - TITLE STATEMENT
Title रोग मुक्त शरीर /
Statement of responsibility, etc सोना भट्ट
260 ## - PUBLICATION, DISTRIBUTION, ETC. (IMPRINT)
Place of publication, distribution, etc नई दिल्ली
Name of publisher, distributor, etc हिन्दी बुक सेंटर
Date of publication, distribution, etc 2022
270 ## - ADDRESS
Address 4/5बी, आसफ अली रोड
City नई दिल्ली
Postal code 110002
300 ## - PHYSICAL DESCRIPTION
Extent 40पृ.
Other physical details सचित्र
Dimensions 24सेमी(अजिल्द)
942 ## - ADDED ENTRY ELEMENTS (KOHA)
Source of classification or shelving scheme Dewey Decimal Classification
Item type Children Books
Call number suffix भट्टसो
Classification part

No items available.


© Delhi Public Library
Hit Counter
free hit counter